BIBLIOTHÈQUE DE LA MAISON DU MEXIQUE

Logo 1 Logo 2

Los zapotecos (notice nᵒ 9369)

détails MARC
000 -Sello discográfico
campo de control de longitud fija 01235nam a2200373 4500
005 - Identificación de versión
campo de control 20251016085157.0
035 ## - Otros números de control del sistema
Número de control del sistema 1552
099 ## - fechas locales
Tipo de ítem Koha LIBRO
100 ## - Datos de procesamiento general
Datos de procesamiento general 20030724d1949 m y1spay5003 ba
105 ## - Campo de datos codificados: Material textual, monográfico
Datos codificados de monografía a 001zy
200 1# - Título y mención de responsabilidad
Título propio Los zapotecos
Designación general del material texto impreso
Otra información del título monografía histórica, etnográfica y económica
Primer mención de responsabilidad Dirección Lucio Mendieta y Núñez
Declaración de responsabilidad subsiguiente colaboración Francisco Rojas González, Roberto de la Cerda Silva, José Gómez Robleda, ... [et al.]
210 ## - Publicación, distribución, etc.
Lugar de publicación, distribución, etc. México
Nombre del editor, distribuidor, etc. Universidad Nacional Autónoma de México, Instituto de Investigaciones Sociales
Fecha de publicación, distribución, etc. 1949
215 ## - Descripción física
Designación de material específico y extensión del ítem 603 p
Otras características físicas il.
Dimensiones 29 cm
318 ## - Nota de acción
Acción No se presta a domicilio
345 ## - Nota de información de adquisición
Fuente de adquisición/dirección de la suscripción [OBSOLETO] Donación
606 ## - Término temático usado como materia
Elemento de entrada Zapotecas (Indios)
Número Koha 1303
660 ## - Código de área geográfica
Código MX
676 ## - Clasificación Decimal Dewey
Número R970.7 M538z
702 ## - Nombre personal - Responsabilidad secundaria
Elemento de entrada Cerda Silva
Parte del nombre distinta del elemento de entrada Roberto de la
Número Koha 15773
702 ## - Nombre personal - Responsabilidad secundaria
Elemento de entrada Gómez Robleda
Parte del nombre distinta del elemento de entrada José
Fechas 1904-1987
Número Koha 15774
702 ## - Nombre personal - Responsabilidad secundaria
Elemento de entrada Mendieta y Núñez
Parte del nombre distinta del elemento de entrada Lucio
Fechas 1895-1988
Número Koha 4271
702 ## - Nombre personal - Responsabilidad secundaria
Elemento de entrada Rojas González
Parte del nombre distinta del elemento de entrada Francisco
Fechas 1904-1951
Número Koha 5306
801 #0 - Fuente de origen
Agencia cm
900 ## -
-- 1/3953
900 ## -
-- 7100315700\240703
942 ## - ELEMENTOS DE ENTRADA SECUNDARIOS (KOHA)
Tipo de ítem Koha Livre

Pas d'exemplaire disponible.